Educación inicial y territorio: el desafío de unas escuelas infantiles integradas en su entorno / Miguel A. Zabalza Beraza y otros tres (Registro nro. 21362)

Detalles MARC
000 -LEADER
fixed length control field 00862nam a2200265Ia 4500
001 - CONTROL NUMBER
control field 19741
003 - CONTROL NUMBER IDENTIFIER
control field DO-CoUTE
005 - DATE AND TIME OF LATEST TRANSACTION
control field 20260204212625.0
008 - FIXED-LENGTH DATA ELEMENTS--GENERAL INFORMATION
fixed length control field 220104s9999 dr 000 0 spa d
020 ## - INTERNATIONAL STANDARD BOOK NUMBER
International Standard Book Number 978-950-808-912-0
040 ## - CATALOGING SOURCE
Original cataloging agency DO-CoUTE
Language of cataloging spa
Transcribing agency DO-CoUTE
041 0# - LANGUAGE CODE
Language code of text/sound track or separate title spa
082 ## - DEWEY DECIMAL CLASSIFICATION NUMBER
Classification number 372.21 Z12e
100 1# - MAIN ENTRY--PERSONAL NAME
Personal name Zabalza Beraza, Miguel A.
245 10 - TITLE STATEMENT
Title Educación inicial y territorio: el desafío de unas escuelas infantiles integradas en su entorno / Miguel A. Zabalza Beraza y otros tres
260 ## - PUBLICATION, DISTRIBUTION, ETC.
Place of publication, distribution, etc. Santa Fe, Argentina : Editorial Homo Sapiens
300 ## - PHYSICAL DESCRIPTION
Extent 194 páginas
650 #4 - SUBJECT ADDED ENTRY--TOPICAL TERM
Topical term or geographic name entry element Educación Inicial
700 1# - ADDED ENTRY--PERSONAL NAME
Personal name Juanbeltz Martínez, José Ignacio
700 1# - ADDED ENTRY--PERSONAL NAME
Personal name Juanbeltz Zurbano, Regina
700 1# - ADDED ENTRY--PERSONAL NAME
Personal name Zabalza Cerdeiriña, Ainoha
942 ## - ADDED ENTRY ELEMENTS (KOHA)
Source of classification or shelving scheme Dewey Decimal Classification
Koha item type Libros
Existencias
Withdrawn status Lost status Source of classification or shelving scheme Damaged status Not for loan Collection code Home library Current library Date acquired Inventory number Total Checkouts Full call number Barcode Date last seen Copy number Price effective from Koha item type
    Dewey Decimal Classification     Colección General Biblioteca UTECO Biblioteca UTECO 01/02/2021 019666   372.21 Z12e 019666 03/30/2022 Ej.1 01/03/2021 Libros
© 2021 Derechos Reservados UTECO - Teléfono: +1 809-585-2291 - Correo electrónico: biblioteca@uteco.edu.do​  
Código postal 43000 ​​
Dirección: Avenida Universitaria No. 100, 
Cotuí, Provincia Sánchez Ramírez, República Dominicana - RNC: 404-00059-6